=LDR 00000nam 2200000 4500 =001 INLIS000000000046157 =005 20150217095103.0 =006 =007 =008 =020 ##$$a 602-8520-46-2 =035 ##$$0010-021500000000718 =040 ##$$a NBPDMAT =082 ##$$a 739.72 =090 ##$$a 739.72 $b Fac k =100 ##$$a Fachri Aljupri =245 ##$$a Keris SEnjata Para Raja Nusantara $c Fachri Aljupri =260 ##$$a Jakarta $b Ghina Walafafa $c 2010 =300 ##$$a vi, 76 hlm. : $b ilus. ; $c 24 cm. =500 ##$$a Bibliografi : hlm. 75 =650 ##$$a Keris - Indonesia =850 ##$$a NBPDMAT